| Tag |
First Indicator |
Second Indicator |
Subfields |
| LEADER |
00000cam a2200000 a 4500 |
| 001 |
in00001402588 |
| 005 |
20151020055437.0 |
| 008 |
970304s1997 enka b 001 0 eng |
| 010 |
|
|
|a 97009288
|
| 020 |
|
|
|a 0471974900 (cloth)
|
| 035 |
|
|
|a (OCoLC)36573683
|
| 035 |
|
|
|9 AHN4477AM
|
| 040 |
|
|
|a DLC
|c DLC
|d TXA
|d UtOrBLW
|
| 049 |
|
|
|a TXAM
|
| 050 |
0 |
0 |
|a T56.25
|b .M85 1997
|
| 082 |
0 |
0 |
|a 658.5
|2 21
|
| 245 |
0 |
0 |
|a Multimethodology :
|b the theory and practice of integrating management science methodologies /
|c edited by John Mingers and Anthony Gill.
|
| 264 |
|
1 |
|a Chichester ;
|a New York :
|b Wiley,
|c [1997]
|
| 264 |
|
4 |
|c ©1997
|
| 300 |
|
|
|a xvi, 442 pages :
|b illustrations ;
|c 24 cm.
|
| 336 |
|
|
|a text
|b txt
|2 rdacontent
|
| 337 |
|
|
|a unmediated
|b n
|2 rdamedia
|
| 338 |
|
|
|a volume
|b nc
|2 rdacarrier
|
| 504 |
|
|
|a Includes bibliographical references and index.
|
| 650 |
|
0 |
|a Management science.
|
| 650 |
|
0 |
|a Operations research.
|
| 700 |
1 |
|
|a Mingers, John.
|
| 700 |
1 |
|
|a Gill, Anthony.
|
| 948 |
|
|
|a C:BLW
|d 20030215
|
| 999 |
|
|
|a MARS
|
| 999 |
f |
f |
|s 3edb0d1f-e6c6-30a0-a852-8c2e13b72433
|i 3be3b532-ecc0-3426-a301-d054c6aca4bc
|t 0
|
| 952 |
f |
f |
|p ric
|a Texas A&M University
|b Rellis Campus
|c Joint Library Facility
|d Remote Storage
|t 0
|e T56.25 .M85 1997
|h Library of Congress classification
|i unmediated -- volume
|m A14822110103
|
| 998 |
f |
f |
|a T56.25 .M85 1997
|t 0
|l Remote Storage
|